000
00324nam a22001337a 4500
008
181017b xxu||||| |||| 00| 0 eng d
020
_a
9781603290241
041
_a
eng
080
_2
7 ed
_a
370
100
_a
47
101
_a
edu
245
_a
Mla Handbook for Writers Of Research Papers
_c
James.p
942
_2
udc
_c
BK
999
_c
50063
_d
50063